Universities and Colleges of New Jersey Quiz Stats

 Plays Quiz not verified by Sporcle

Challenge
Share
Tweet
Embed
Score 0/27 Timer 06:00
0 Plays Today
Locations University or College % Correct
New Brunswick, Newark, CamdenRutgers University
98.1%
PrincetonPrinceton University
94.3%
EwingCollege of New Jersey
86.2%
MontclairMontclair State University
83.8%
West Long BranchMonmouth University
77.6%
NewarkNew Jersey Institute of Technology
75.7%
South OrangeSeton Hall University
75.2%
Glassboro, CamdenRowan University
73.3%
Lawrenceville, PrincetonRider University
66.2%
Madison, TeaneckFairleigh Dickinson University
65.2%
MahwahRamapo College of New Jersey
64.8%
HobokenStevens Institute of Technology
62.9%
WayneWilliam Paterson University
60.5%
Jersey CityNew Jersey City University
59%
Locations University or College % Correct
CaldwellCaldwell College
57.6%
UnionKean University
57.6%
MadisonDrew University
57.1%
GallowayRichard Stockton College of New Jersey
53.8%
BloomfieldBloomfield College
48.6%
Jersey CitySaint Peters College
46.7%
Lakewood, WoodbridgeGeorgian Court University
35.7%
TrentonThomas Edison State College
33.8%
Hackettstown, Parsippany Centenary College
33.3%
Rutherford, LodiFelician College
28.6%
MorristownCollege of Saint Elizabeth
22.4%
Woodland Park, Woodbridge, Newark, ParamusBerkeley College
19.5%
Newark, WarrenSomerset Christian College
3.3%

You're not logged in!

Compare scores with friends on all Sporcle quizzes.
Join for Free
OR
Log In

You Might Also Like...

Show Comments

Extras

Top Quizzes Today


Score Distribution

Your Account Isn't Verified!

In order to create a playlist on Sporcle, you need to verify the email address you used during registration. Go to your Sporcle Settings to finish the process.

Report this User

Report this user for behavior that violates our Community Guidelines.

Details: